Vind från syd (Registro nro. 127120)

Detalles MARC
000 -LEADER
campo de control de longitud fija 00940nam a2200241 i 4500
001 - NÚMERO DE CONTROL
campo de control 127120
003 - IDENTIFICADOR DE NÚMERO DE CONTROL
campo de control ES-MaACL
005 - FECHA Y HORA DE LA ÚLTIMA TRANSACCIÓN
campo de control 20250302001919.0
007 - CAMPO FIJO DE DESCRIPCIÓN FÍSICA--INFORMACIÓN GENERAL
campo de control de longitud fija t|
008 - DATOS DE LONGITUD FIJA--INFORMACIÓN GENERAL
campo de control de longitud fija 161130s2001 sw a |||| |dspa d
080 ## - NÚMERO DE LA CLASIFICACIÓN DECIMAL UNIVERSAL
Número de la Clasificación Decimal Universal 75 Rodríguez-Acosta, Miguel (064.3)
100 1# - ENTRADA PRINCIPAL--NOMBRE DE PERSONA
Nombre de persona Rodríguez-Acosta, Miguel,
Fechas asociadas al nombre 1927-2025
9 (RLIN) 98314
245 10 - MENCIÓN DEL TÍTULO
Título Vind från syd
Resto del título : elegi till Strindberg = Viento del sur : elegía a Strindberg : 5 maj-5 juni 2001, Färg och Form /
Mención de responsabilidad, etc. Miguel Rodríguez-Acosta Carlström.
246 11 - FORMA VARIANTE DEL TITULO
Título propio/Titulo breve Viento del sur
Resto del título : elegía a Strindberg
260 ## - PUBLICACIÓN, DISTRIBUCIÓN, ETC.
Lugar de publicación, distribución, etc. [Stockholm] :
Nombre del editor, distribuidor, etc. Färg och Form,
Fecha de publicación, distribución, etc. [2001] (
Lugar de fabricación/manufactura Madrid :
Fabricante Julio Soto)
300 ## - DESCRIPCIÓN FÍSICA
Extensión 52 p. :
Otras características físicas principalmente il. col. ;
Dimensiones 24 cm.
546 ## - NOTA DE IDIOMA
Nota de lengua/lenguaje Texto en sueco y español.
600 14 - PUNTO DE ACCESO ADICIONAL DE MATERIA--NOMBRE DE PERSONA
Nombre de persona Rodríguez-Acosta, Miguel,
Fechas asociadas al nombre 1927-2025
9 (RLIN) 98314
655 #7 - TERMINO DE INDIZACIÓN--GENERO/FORMA
Fuente del término tgfbne
9 (RLIN) 193628
Datos o término principal de género/forma Catálogos de exposiciones
852 ## - LOCALIZACIÓN
Ubicación ES-MaACL
Número de control de estantería 2333-F-10
942 ## - ELEMENTOS DE ENTRADA SECUNDARIOS (KOHA)
Fuente del sistema de clasificación o colocación Clasificación decimal universal
Existencias
Estatus retirado Estado de pérdida Estado de daño No para préstamo Colección Biblioteca de origen Biblioteca actual Ubicación en estantería Fecha de adquisición Fuente de adquisición Total de préstamos Signatura topográfica completa Código de barras Visto por última vez Precio de reemplazo Tipo de ítem Koha
        Colección de folletos Biblioteca del Ateneo de Madrid Biblioteca del Ateneo de Madrid Depósito folletos 17/01/2008     2333-F-10 1132402 23/02/2023 23/02/2023 Folleto